| 000 | 02803nam a22002897a 4500 | ||
|---|---|---|---|
| 001 | 1599 | ||
| 003 | FISKH | ||
| 005 | 20250527161911.0 | ||
| 008 | 230908b cb ||||| |||| 00| 0 khr d | ||
| 020 | _a9789995054311 | ||
| 040 |
_aFISKH _beng _cFISKH _dFISKH |
||
| 082 | _a808.83 | ||
| 100 | _aLindgren, Astrid | ||
| 245 | _aពីពីស្រោមជើងវែង / | ||
| 250 | _aបោះពុម្ពលើកទី ៥ ខែកុម្ភៈ ឆ្នាំ២០២១ | ||
| 260 |
_aLidingoe : _bSipar, _c2021. |
||
| 300 |
_a152 pages : _billustrations ; _c20 cm |
||
| 490 | _aអក្សសិល្ប៍យុវវ័យ | ||
| 505 | _aZ' | ||
| 520 | _aដោយនាងមានក្រសែភ្នែករហ័សរហួន និងមានសក់ក្រងចងទីទុយ គេអាចគិតថា «ពីពីស្រោមជើងវែង» ជាក្មេងស្រីម្នាក់ដូចក្មេងស្រីដ៏ទៃដែរ។ ប៉ុន្តែនាងជាក្មេងស្រីចម្លែកណាស់! នាងរស់តែម្នាក់ឯង ជាមួយសេះមួយក្បាល និងស្វាមួយក្បាលនៅក្នុងផ្ទះដ៏ធំមួយ។ នាងមានកម្លាំងខ្លាំងអស្ចារ្យ។ នាងមិនទៅសាលារៀនទេ ហើយមួយថ្ងៃៗ នាងគិតតែរកនឹកល្បែងលេងចម្លែកៗ។ ហើយនាងមានបេះដូងមាស និងមានសណ្ដានចិត្តល្អជាមួយមនុស្សគ្រប់រូប ជាពិសេសជាមួយមិត្តក្មេងៗជាអ្នកជិតខាងនាង គឺថមមី និង អានីកា។ ហេតុនេះហើយ គ្រប់គ្នាស្រលាញ់នាងយ៉ាងខ្លាំង។ | ||
| 520 | _aWith her quick eyes and curly hair tied in an owl, she can be thought of as a "girl with long socks" just like any other girl. But she is a very strange girl! She lives alone with a horse and a monkey in a large house. She is amazingly strong. She does not go to school and every day she thinks of strange games. And she has a golden heart and is kind to everyone, especially with her young neighbors Tommy and Anika. That is why everyone loves her so much. | ||
| 521 | 8 |
_a920
_bLexile estimate |
|
| 521 | 8 |
_aZ'
_bRaz-Plus |
|
| 650 |
_aចម្លែក _vចិត្តល្អ _xបេះដូងមាស _yខ្លាំង |
||
| 650 |
_aStrange _vKind _xGolden heart _yStrong |
||
| 942 |
_2ddc _cBK _n0 |
||
| 999 |
_c1599 _d1599 |
||